[Event "Grand Pacific Open 10th annual"]
[Site "?"]
[Date "2016.03.25"]
[Round "1.1"]
[White "Fier, Alexandr"]
[Black "Kostadinov, Georgi"]
[Result "1-0"]
[WhiteElo "2620"]
[BlackElo "2080"]
[PlyCount "115"]
[EventDate "2016.03.28"]

1. e4 c5 2. Nf3 d6 3. d4 cxd4 4. Nxd4 Nf6 5. Nc3 a6 6. Bg5 e6 7. f4 Nbd7 8. Qe2
Qc7 9. O-O-O Be7 10. g4 b5 11. a3 Bb7 12. Bg2 Rc8 13. Bxf6 Nxf6 14. g5 Nd7 15.
h4 Qa5 16. Rh3 Nc5 17. Kb1 b4 18. axb4 Qxb4 19. h5 O-O 20. Qd2 Rb8 21. Nd5 Bxd5
22. Qxb4 Rxb4 23. exd5 Re8 24. c3 Rb6 25. dxe6 Nxe6 26. Ne2 Reb8 27. Rd2 Nc7
28. Nd4 d5 29. Ka2 a5 30. Nf5 Bf8 31. Rhd3 a4 32. Bxd5 Nxd5 33. Rxd5 Rb3 34.
Nd4 R3b6 35. Ra5 Bd6 36. Ne2 a3 37. b4 g6 38. h6 f6 39. Ra7 Bf8 40. Nd4 Re8 41.
Rxa3 Re3 42. Re2 Rxe2+ 43. Nxe2 fxg5 44. fxg5 Be7 45. Ra5 Re6 46. Nd4 Re3 47.
Kb3 Rg3 48. b5 Rxg5 49. Ra8+ Kf7 50. b6 Bd6 51. b7 Rg1 52. Nb5 Be5 53. Kc4 g5
54. Kd5 Rb1 55. c4 Bf4 56. Ra2 Kg6 57. Ra6+ Kh5 58. Rd6 1-0

[Event "Grand Pacific Open 10th annual"]
[Site "?"]
[Date "2016.03.25"]
[Round "1.2"]
[White "Pauric, Ivan"]
[Black "Cheng, Bindi"]
[Result "0-1"]
[WhiteElo "2050"]
[BlackElo "2482"]
[PlyCount "68"]
[EventDate "2016.03.28"]

1. d4 Nf6 2. Nf3 c5 3. c3 b6 4. Bf4 Bb7 5. Nbd2 Nh5 6. Bxb8 Rxb8 7. e3 g6 8.
Be2 Bg7 9. O-O O-O 10. Re1 d6 11. Nf1 Nf6 12. Ng3 b5 13. b3 Qa5 14. c4 bxc4 15.
Bxc4 Nd5 16. Qd2 Qxd2 17. Nxd2 cxd4 18. exd4 Bxd4 19. Rac1 e6 20. Nde4 Rfd8 21.
Red1 Be5 22. Bb5 Rbc8 23. Bc4 Nf4 24. Bf1 f5 25. Nd2 d5 26. Nf3 Bb2 27. Rb1 Bf6
28. Ne1 e5 29. Ne2 Ne6 30. Rbc1 e4 31. Rxc8 Rxc8 32. Rc1 Rxc1 33. Nxc1 Bb2 34.
Ne2 d4 0-1

[Event "Grand Pacific Open 10th annual"]
[Site "?"]
[Date "2016.03.25"]
[Round "1.3"]
[White "Sohal, Tanraj"]
[Black "Roback, Joe"]
[Result "1-0"]
[WhiteElo "2397"]
[BlackElo "2032"]
[PlyCount "65"]
[EventDate "2016.03.28"]

1. d4 Nf6 2. c4 g6 3. Nc3 Bg7 4. e4 d6 5. Nf3 O-O 6. Be2 e5 7. O-O exd4 8. Nxd4
Nc6 9. Be3 Re8 10. f3 a5 11. Qd2 Nxd4 12. Bxd4 Be6 13. Rad1 Qe7 14. Rfe1 Nd7
15. Bf2 Ne5 16. Nd5 Qd8 17. h3 Nc6 18. f4 f5 19. exf5 Bxf5 20. Bf3 Qd7 21. c5
Kh8 22. g4 Be6 23. Nc3 Rad8 24. cxd6 Qf7 25. Ne4 Bxa2 26. d7 Rf8 27. Ng5 Qxf4
28. Qxf4 Rxf4 29. Bxc6 bxc6 30. Bc5 Bf6 31. Re8+ Kg7 32. Bf8+ Kh8 33. Bh6+ 1-0

[Event "Grand Pacific Open 10th annual"]
[Site "?"]
[Date "2016.03.25"]
[Round "1.4"]
[White "Pulfer, Luke"]
[Black "Morozov, Grigoriy"]
[Result "0-1"]
[WhiteElo "2026"]
[BlackElo "2376"]
[PlyCount "76"]
[EventDate "2016.03.28"]

1. d4 d5 2. c4 e6 3. Nc3 c6 4. e4 dxe4 5. Nxe4 Bb4+ 6. Bd2 Qxd4 7. Bxb4 Qxe4+
8. Be2 Na6 9. Ba5 f6 10. Qd6 Kf7 11. O-O-O Ne7 12. b3 Nf5 13. Qd2 e5 14. Nf3
Qf4 15. Qxf4 exf4 16. Rd2 Nc5 17. Bd3 b6 18. Bc3 Nxd3+ 19. Rxd3 c5 20. Rhd1 Re8
21. R1d2 Re7 22. Kb2 Bb7 23. a3 Rae8 24. Rd8 Rxd8 25. Rxd8 Re2+ 26. Rd2 Bxf3
27. gxf3 Rxd2+ 28. Bxd2 g5 29. b4 Nd4 30. bxc5 bxc5 31. h3 Nxf3 32. Bc1 Nd4 33.
Bd2 Ke6 34. Kc3 Nf3 35. Bc1 h5 36. Kd3 Ne5+ 37. Kc3 h4 38. Bd2 Kf5 0-1

[Event "Grand Pacific Open 10th annual"]
[Site "?"]
[Date "2016.03.25"]
[Round "1.5"]
[White "Cao, Jason"]
[Black "Raymer, Elliot"]
[Result "1-0"]
[WhiteElo "2367"]
[BlackElo "2023"]
[PlyCount "47"]
[EventDate "2016.03.28"]

1. Nf3 Nf6 2. c4 d5 3. cxd5 Nxd5 4. g3 c5 5. Bg2 e6 6. O-O Nc6 7. d4 Qb6 8. e4
Nf6 9. d5 Nd4 10. Re1 Be7 11. d6 Bd8 12. Nxd4 cxd4 13. e5 Nd5 14. Qg4 Qb4 15.
Bd2 Qxb2 16. Qxg7 Qxa1 17. Qxh8+ Kd7 18. Bxd5 exd5 19. Qxh7 Kc6 20. Rc1+ Kb5
21. Qd3+ Kb6 22. Qb3+ Ka6 23. Qa4+ Kb6 24. Qa5# 1-0

[Event "Grand Pacific Open 10th annual"]
[Site "?"]
[Date "2016.03.25"]
[Round "1.6"]
[White "Daniluk, Jim"]
[Black "Sasata, Robert"]
[Result "0-1"]
[WhiteElo "2012"]
[BlackElo "2367"]
[PlyCount "34"]
[EventDate "2016.03.28"]

1. d4 Nf6 2. Nf3 e6 3. c4 c5 4. d5 b5 5. dxe6 fxe6 6. g3 bxc4 7. Bg2 d5 8. Ne5
Nbd7 9. Qa4 Qb6 10. Nxc4 Qa6 11. Nc3 Rb8 12. Bf4 Qxa4 13. Nxa4 Rb4 14. b3 dxc4
15. Bd2 Rb8 16. bxc4 Ba6 17. Rc1 Bd6 0-1

[Event "Grand Pacific Open 10th annual"]
[Site "?"]
[Date "2016.03.25"]
[Round "1.8"]
[White "Both, Aaron"]
[Black "Maisuradze, Nino"]
[Result "0-1"]
[WhiteElo "1956"]
[BlackElo "2350"]
[PlyCount "88"]
[EventDate "2016.03.28"]

1. e4 c5 2. Nc3 a6 3. a4 Nc6 4. f4 e6 5. Bc4 Nge7 6. e5 d5 7. exd6 Nf5 8. Nf3
Bxd6 9. d3 Qc7 10. Ne4 Bxf4 11. O-O Ne3 12. Bxe3 Bxe3+ 13. Kh1 Nd4 14. Nxd4
cxd4 15. Qg4 f5 16. Qh5+ g6 17. Qh4 O-O 18. Nf6+ Kh8 19. Ng4 Bf4 20. Nf2 Be5
21. Rae1 Bf6 22. Qh6 Bg7 23. Qg5 e5 24. c3 dxc3 25. bxc3 Bd7 26. Re3 Bxa4 27.
Rh3 Be8 28. Nd1 Bf6 29. Qh6 Qg7 30. Qe3 Bc6 31. Qb6 Qd7 32. Re3 Rae8 33. Re2
Qd6 34. Qe3 e4 35. d4 b5 36. Ba2 b4 37. d5 Bd7 38. c4 Rc8 39. Rc2 Qc5 40. Qxc5
Rxc5 41. Ne3 a5 42. Rb1 f4 43. Nd1 e3 44. Re2 Bf5 0-1

[Event "Grand Pacific Open 10th annual"]
[Site "?"]
[Date "2016.03.25"]
[Round "1.9"]
[White "Ross, Paul"]
[Black "Low, Kevin"]
[Result "1-0"]
[WhiteElo "2348"]
[BlackElo "1922"]
[PlyCount "147"]

1. d4 f5 2. Nf3 Nf6 3. g3 g6 4. Bg2 d6 5. O-O Bg7 6. c4 O-O 7. Nc3 Qe8 8. d5 a5
9. Nd4 Na6 10. e4 Nc5 11. exf5 gxf5 12. Nce2 Nfe4 13. f3 Nf6 14. Nf4 Nh5 15.
Re1 Nxf4 16. Bxf4 Rf7 17. Qd2 Qa4 18. b3 Qb4 19. Rad1 Qb6 20. Kh1 Bd7 21. Bg5
Re8 22. Ne6 Bh8 23. Re2 Bxe6 24. dxe6 Rff8 25. Bh6 Rf6 26. Qg5+ Rg6 27. Qxf5
Bf6 28. Qh5 Bg7 29. Bxg7 Kxg7 30. f4 Rf8 31. f5 Rgf6 32. g4 a4 33. Qg5+ Kh8 34.
Qe3 axb3 35. axb3 Qxb3 36. Qxb3 Nxb3 37. Bxb7 Na5 38. Bd5 c6 39. Be4 Nxc4 40.
Bxc6 Ne5 41. Rxe5 dxe5 42. Rd7 Rg8 43. h3 Rg7 44. Rd8+ Rg8 45. Rd7 Rg7 46. Bf3
h5 47. Rd8+ Rg8 48. Rd5 e4 49. Be2 h4 50. Re5 Kh7 51. Kg2 Kh6 52. Kf2 Kg5 53.
Rxe4 Rg7 54. Ke3 Rh7 55. Rd4 Rg7 56. Rd8 Rh6 57. Ke4 Rf6 58. Ke5 Rh6 59. Bb5
Rf6 60. Rh8 Rh6 61. Rf8 Rf6 62. Rxf6 exf6+ 63. Kd6 Kf4 64. e7 Rg8 65. e8=Q Rxe8
66. Bxe8 Kg3 67. g5 Kxh3 68. g6 Kg3 69. g7 h3 70. g8=Q+ Kh2 71. Qg4 Kh1 72.
Qxh3+ Kg1 73. Qg3+ Kf1 74. Bb5# 1-0

[Event "Grand Pacific Open 10th annual"]
[Site "?"]
[Date "2016.03.25"]
[Round "1.10"]
[White "Kenney, David"]
[Black "Gentes, Kevin"]
[Result "0-1"]
[WhiteElo "1920"]
[BlackElo "2347"]
[Annotator ",roger"]
[PlyCount "114"]
[EventDate "2016.03.28"]

1. d4 Nf6 2. Nf3 e6 3. e3 b6 4. Bd3 Bb7 5. Nbd2 c5 6. O-O Nc6 7. c3 Be7 8. Qe2
cxd4 9. exd4 O-O 10. Ne4 d6 11. Re1 a6 12. Nxf6+ Bxf6 13. Bf4 g6 14. Rad1 Ne7
15. Bh6 Re8 16. Bf4 Nd5 17. Bg3 b5 18. a3 Qd7 19. Nd2 Be7 20. Be4 f5 21. Bxd5
Bxd5 22. f4 Qc6 23. Qf2 Bf6 24. Re2 a5 25. Bh4 Bg7 26. Rde1 Rac8 27. h3 b4 28.
axb4 axb4 29. cxb4 Qb6 30. Nf3 Qxb4 31. Kh2 h6 32. Kh1 Rc4 33. Rd1 Rec8 34. Qe1
Qxe1+ 35. Bxe1 Rc1 36. Rxc1 Rxc1 37. Kh2 Rd1 38. Bc3 Kf7 39. Kg3 Bxf3 40. Kxf3
Bxd4 41. Bxd4 Rxd4 42. Rc2 Rd3+ 43. Kf2 Rb3 44. Ke2 g5 45. fxg5 hxg5 46. Kf2 f4
47. Ke2 Kf6 48. Kf2 Kf5 49. Ke2 d5 50. Rd2 Ke4 51. Kf2 e5 52. Re2+ Kf5 53. Rd2
d4 54. Ke2 Ke4 55. Kf2 d3 56. g3 fxg3+ 57. Kxg3 Ke3 0-1

[Event "Grand Pacific Open 10th annual"]
[Site "?"]
[Date "2016.03.26"]
[Round "2.1"]
[White "Kaufman, Ray"]
[Black "Fier, Alexandr"]
[Result "0-1"]
[WhiteElo "2307"]
[BlackElo "2620"]
[PlyCount "40"]
[EventDate "2016.03.28"]

1. d4 Nf6 2. c4 g6 3. f3 c5 4. d5 b5 5. cxb5 a6 6. e4 Bg7 7. Nc3 O-O 8. a4 e6
9. Bg5 h6 10. Be3 exd5 11. Nxd5 Bb7 12. Nxf6+ Qxf6 13. Bc4 Qxb2 14. Rc1 Qxg2
15. Qe2 Qxh1 16. Kd2 axb5 17. Nh3 Qxc1+ 18. Kxc1 bxc4 19. Qxc4 Nc6 20. Nf4 Ne5
0-1

[Event "Grand Pacific Open 10th annual"]
[Site "?"]
[Date "2016.03.26"]
[Round "2.2"]
[White "Cheng, Bindi"]
[Black "Wu, Howard"]
[Result "1-0"]
[WhiteElo "2482"]
[BlackElo "2226"]
[PlyCount "93"]
[EventDate "2016.03.28"]

1. Nf3 f5 2. g3 Nf6 3. Bg2 g6 4. O-O Bg7 5. b3 d6 6. d4 O-O 7. Bb2 c6 8. Nbd2
Qc7 9. a4 a5 10. Nh4 Na6 11. e4 fxe4 12. Nxe4 d5 13. Ng5 Ng4 14. Qe2 Nh6 15.
Rfe1 Bf6 16. Ne6 Bxe6 17. Qxe6+ Rf7 18. Nf3 Nf5 19. Rad1 Ng7 20. Qe2 Re8 21.
Bc1 Qc8 22. h4 Ref8 23. Bh6 Nc7 24. Nh2 Re8 25. Ng4 Nf5 26. c3 Kh8 27. Bf4 Rff8
28. Bh3 Kg8 29. h5 Kg7 30. Qd3 Ne6 31. Bc1 Ng5 32. Bg2 Nd6 33. f3 Qf5 34. hxg6
hxg6 35. Ba3 Qxd3 36. Rxd3 Nf5 37. f4 Nf7 38. Nxf6 Kxf6 39. g4 N5d6 40. Rde3 g5
41. Re6+ Kg7 42. f5 Rh8 43. Rxe7 Ne4 44. Bxe4 Rxe7 45. Bxe7 dxe4 46. Kg2 Rh4
47. Rxe4 1-0

[Event "Grand Pacific Open 10th annual"]
[Site "?"]
[Date "2016.03.26"]
[Round "2.3"]
[White "Gansvind, Valeria"]
[Black "Sohal, Tanraj"]
[Result "0-1"]
[WhiteElo "2276"]
[BlackElo "2397"]
[PlyCount "184"]
[EventDate "2016.03.28"]

1. d4 Nf6 2. Nf3 e6 3. Bg5 c5 4. e3 b6 5. Nbd2 Bb7 6. Bd3 Be7 7. h3 O-O 8. c3
cxd4 9. cxd4 d6 10. Qe2 Nbd7 11. O-O e5 12. Ba6 Bxa6 13. Qxa6 e4 14. Nh2 h6 15.
Bxf6 Nxf6 16. Rfc1 Qd7 17. Rc2 Rac8 18. Rac1 Rxc2 19. Rxc2 d5 20. Nb1 Bd6 21.
Nf1 Bb8 22. Na3 h5 23. Qb5 Qf5 24. Qc6 Rd8 25. Nb5 Qd7 26. a4 Kf8 27. Qxd7 Nxd7
28. Rc6 Ke7 29. Ng3 Nf6 30. Ne2 Kd7 31. Rc2 a6 32. Na3 Bd6 33. Nb1 Ng8 34. Nd2
Ne7 35. Nb3 Nc6 36. Nec1 Nb4 37. Rc3 a5 38. Kf1 g5 39. Na1 f5 40. Nc2 f4 41.
Nxb4 axb4 42. Rc2 Ra8 43. b3 Rf8 44. Kg1 h4 45. Na2 f3 46. Nc1 Rf6 47. Rd2 Rf8
48. Rc2 fxg2 49. Kxg2 g4 50. hxg4 Rf3 51. Re2 h3+ 52. Kg1 Rf8 53. Re1 Rg8 54.
Kh1 h2 55. Ne2 Rxg4 56. Ng3 Bxg3 57. fxg3 Rxg3 58. Kxh2 Rf3 59. Kg2 Ke6 60. Re2
Kd7 61. Re1 Kc7 62. Re2 Kb7 63. Re1 Ka6 64. Re2 b5 65. axb5+ Kxb5 66. Re1 Kc6
67. Re2 Kd6 68. Re1 Rf8 69. Ra1 Rf3 70. Re1 Ke6 71. Re2 Rf8 72. Ra2 Rc8 73.
Ra6+ Kf5 74. Ra5 Rc3 75. Rxd5+ Kg4 76. Rd8 Rc2+ 77. Kg1 Kf3 78. d5 Rc1+ 79. Kh2
Kxe3 80. Kg2 Rb1 81. d6 Rxb3 82. Rb8 Rd3 83. Rxb4 Rxd6 84. Ra4 Rd2+ 85. Kf1 Kf3
86. Ke1 Rh2 87. Ra8 Rh1+ 88. Kd2 e3+ 89. Kd3 Rd1+ 90. Kc2 e2 91. Rf8+ Kg4 92.
Rg8+ Kh5 0-1

[Event "Grand Pacific Open 10th annual"]
[Site "?"]
[Date "2016.03.26"]
[Round "2.4"]
[White "Morozov, Grigoriy"]
[Black "Doknjas, Joshua"]
[Result "1/2-1/2"]
[WhiteElo "2376"]
[BlackElo "2185"]
[PlyCount "85"]
[EventDate "2016.03.28"]

1. d4 d5 2. c4 c6 3. Nf3 Nf6 4. Qc2 dxc4 5. Qxc4 Bf5 6. Nc3 e6 7. g3 Nbd7 8.
Bg2 Be7 9. O-O O-O 10. a3 Ne4 11. Rd1 Rc8 12. Ne1 Ndf6 13. Qb3 Nxc3 14. bxc3
Qb6 15. Qb2 Rfd8 16. f3 Nd7 17. e4 Bg6 18. a4 Qxb2 19. Bxb2 c5 20. Bf1 Nb8 21.
Ba3 Kf8 22. dxc5 Nd7 23. Nd3 Nxc5 24. Bxc5 Bxc5+ 25. Nxc5 Rxd1 26. Nxe6+ fxe6
27. Rxd1 Rxc3 28. Rd7 Rxf3 29. Rxb7 Rf7 30. Rb8+ Ke7 31. e5 Be4 32. Bb5 Rf8 33.
Rxf8 Kxf8 34. a5 Ke7 35. Kf2 Kd8 36. Ke3 Bg6 37. Kd4 Kc7 38. Kc5 Be4 39. Bc4
Bf5 40. h4 Bg4 41. Bd3 h6 42. Be4 Bh5 43. Bd3 1/2-1/2

[Event "Grand Pacific Open 10th annual"]
[Site "?"]
[Date "2016.03.26"]
[Round "2.5"]
[White "Kenney, Jason"]
[Black "Cao, Jason"]
[Result "0-1"]
[WhiteElo "2241"]
[BlackElo "2367"]
[PlyCount "92"]
[EventDate "2016.03.28"]

1. d4 Nf6 2. c4 e6 3. Nc3 Bb4 4. Qc2 O-O 5. Nf3 c5 6. dxc5 Na6 7. g3 Nxc5 8.
Bg2 Nce4 9. O-O Nxc3 10. bxc3 Be7 11. e4 d6 12. e5 dxe5 13. Nxe5 Qc7 14. Qe2
Bd6 15. Re1 Rb8 16. Rb1 Ne8 17. c5 Bxc5 18. c4 Nd6 19. Nd3 b6 20. Bf4 f6 21.
Nxc5 bxc5 22. Rxb8 Qxb8 23. Rd1 Rd8 24. Qd3 e5 25. Be3 Bf5 26. Bd5+ Kh8 27. Qa3
Nxc4 28. Qxc5 Nxe3 29. fxe3 Qb6 30. Qxb6 axb6 31. Bb3 Rxd1+ 32. Bxd1 Kg8 33.
Kf2 Kf7 34. Ke1 Ke6 35. Kd2 Bb1 36. a3 Kd5 37. Bb3+ Ke4 38. Kc1 Bd3 39. Kd2 h6
40. Be6 Bb5 41. Bg4 g5 42. Bh5 f5 43. Bg6 Bd7 44. Ke2 Kd5 45. Kd3 Bb5+ 46. Kd2
f4 0-1

[Event "Grand Pacific Open 10th annual"]
[Site "?"]
[Date "2016.03.26"]
[Round "2.7"]
[White "Moore, Harry"]
[Black "Ross, Dave"]
[Result "0-1"]
[WhiteElo "2207"]
[BlackElo "2350"]
[PlyCount "128"]
[EventDate "2016.03.28"]

1. d4 e6 2. c4 f5 3. g3 Nf6 4. Bg2 c6 5. Nf3 d5 6. O-O Bd6 7. Nc3 O-O 8. Bf4
Bxf4 9. gxf4 b6 10. Qb3 Kh8 11. e3 Ba6 12. Ne5 Nfd7 13. Rfd1 Nxe5 14. dxe5 Bxc4
15. Qxc4 dxc4 16. Rxd8 Rxd8 17. Nb5 a6 18. Nc7 Ra7 19. Nxe6 Rd2 20. Nd4 g6 21.
b3 cxb3 22. axb3 Rd7 23. b4 c5 24. bxc5 bxc5 25. e6 Rc7 26. Nf3 Rb2 27. Rd1 c4
28. Rd8+ Kg7 29. Nd4 c3 30. Bd5 Kf6 31. Rh8 Nc6 32. e7 Kxe7 33. Bxc6 c2 34.
Nxc2 Rxc2 35. Ba4 Rc1+ 36. Kg2 Ra1 37. Bb3 Kd6 38. Re8 a5 39. Ra8 Kc5 40. Kf3
Rb7 41. Bg8 a4 42. Rc8+ Kd6 43. Rd8+ Ke7 44. Rc8 Kf6 45. Bd5 Rb2 46. Re8 Rb6
47. Bg8 a3 48. Ra8 h6 49. h4 Ke7 50. Ra5 Kd6 51. h5 gxh5 52. Rxf5 h4 53. Rh5
Ke7 54. Ra5 Rg6 55. Ra7+ Kf8 56. Bd5 h3 57. f5 h2 58. Kf4 Rd6 59. Ra8+ Ke7 60.
Ra7+ Kf8 61. Ra8+ Ke7 62. Bf3 Rf1 63. Kg3 h1=Q 64. Bxh1 Rxh1 0-1

[Event "Grand Pacific Open 10th annual"]
[Site "?"]
[Date "2016.03.26"]
[Round "2.8"]
[White "Maisuradze, Nino"]
[Black "Sali, Zulfikar"]
[Result "0-1"]
[WhiteElo "2350"]
[BlackElo "2090"]
[PlyCount "90"]
[EventDate "2016.03.28"]

1. d4 Nf6 2. c4 g6 3. Nc3 Bg7 4. e4 O-O 5. f4 d6 6. Nf3 c5 7. d5 e6 8. dxe6
fxe6 9. Bd3 Nc6 10. O-O Nd4 11. Ng5 e5 12. f5 h6 13. Nh3 gxf5 14. exf5 b5 15.
Be3 bxc4 16. Bxc4+ Kh8 17. g4 d5 18. Bd3 e4 19. Bb1 Rb8 20. Nf4 Rxb2 21. Ng6+
Kg8 22. Na4 Nf3+ 23. Rxf3 exf3 24. Qxf3 Rb4 25. Bc2 Rxg4+ 26. Kh1 Rxg6 27. Bxc5
Ne4 28. Bxf8 Qxf8 29. Rf1 Rg5 30. f6 Nxf6 31. Nc3 Ba6 32. h4 Re5 33. Rg1 Qe7
34. Bb3 Bc4 35. Bxc4 dxc4 36. Qf4 Qe6 37. Kh2 Re3 38. Rg3 Rxg3 39. Qxg3 Ng4+
40. Kg2 Bxc3 41. Qb8+ Kh7 42. Qb1+ Qg6 43. Qb7+ Bg7 44. h5 Qxh5 45. Qxa7 c3 0-1

[Event "Grand Pacific Open 10th annual"]
[Site "?"]
[Date "2016.03.26"]
[Round "2.9"]
[White "Richardson, Kai"]
[Black "Ross, Paul"]
[Result "0-1"]
[WhiteElo "2090"]
[BlackElo "2348"]
[PlyCount "70"]
[EventDate "2016.03.28"]

1. d4 g6 2. c4 Bg7 3. Nc3 d6 4. e4 Nc6 5. Be3 e5 6. d5 Nce7 7. Bd3 f5 8. f3 Nf6
9. Qd2 fxe4 10. Nxe4 Nf5 11. g4 Nxe3 12. Qxe3 Nxe4 13. Bxe4 Qh4+ 14. Kd1 Bh6
15. Qd3 O-O 16. Ne2 Bd7 17. Kc2 Rf7 18. Rag1 Raf8 19. Rg3 Bg5 20. Rg2 Kh8 21.
Kb1 Be7 22. Rg3 c5 23. Ng1 Kg7 24. Ne2 a6 25. Qc3 Bd8 26. b3 b5 27. Rg2 Kh8 28.
Qd3 Ba5 29. Nc3 Rb8 30. Kc2 Bc8 31. g5 Rfb7 32. Bxg6 bxc4 33. Qxc4 Qxc4 34.
bxc4 Rb2+ 35. Kd3 Rxg2 0-1

[Event "Grand Pacific Open 10th annual"]
[Site "?"]
[Date "2016.03.26"]
[Round "2.10"]
[White "Gentes, Kevin"]
[Black "Tang, Edward"]
[Result "1-0"]
[WhiteElo "2347"]
[BlackElo "2089"]
[PlyCount "33"]
[EventDate "2016.03.28"]

1. e4 c5 2. Nf3 d6 3. d4 cxd4 4. Nxd4 Nf6 5. Nc3 g6 6. Be3 Bg7 7. f3 O-O 8. Qd2
Nc6 9. Bc4 Bd7 10. O-O-O Ne5 11. Bb3 Qa5 12. Kb1 Rfc8 13. g4 Nc4 14. Bxc4 Rxc4
15. Nb3 Qa6 16. e5 dxe5 17. g5 1-0

[Event "Grand Pacific Open 10th annual"]
[Site "?"]
[Date "2016.03.26"]
[Round "3.1"]
[White "Fier, Alexandr"]
[Black "Sasata, Robert"]
[Result "1/2-1/2"]
[WhiteElo "2620"]
[BlackElo "2367"]
[PlyCount "95"]
[EventDate "2016.03.28"]

1. e4 e5 2. Nf3 Nc6 3. Bb5 f5 4. Nc3 fxe4 5. Nxe4 Nf6 6. Nxf6+ Qxf6 7. Qe2 Be7
8. Bxc6 bxc6 9. Nxe5 Qe6 10. d4 O-O 11. Qc4 d6 12. Qxe6+ Bxe6 13. Nxc6 Bf6 14.
O-O Bd5 15. Nb4 Bc4 16. Rd1 a5 17. Nd3 Bxd4 18. Be3 Bf6 19. c3 a4 20. Nb4 a3
21. b3 Bxc3 22. bxc4 Bxb4 23. Rab1 Ra4 24. g3 Re8 25. Rd5 Re4 26. c5 Kf7 27. h4
Ke6 28. Rg5 g6 29. h5 Kf6 30. Rd5 Ke6 31. Rbd1 Bxc5 32. Bxc5 dxc5 33. Rxc5 Re2
34. Rc6+ Kf5 35. Rd5+ Ke4 36. Rg5 Rxa2 37. Rxc7 gxh5 38. Rxh5 Ra6 39. Rcc5 Rb2
40. Rcd5 Re6 41. Ra5 a2 42. Kg2 Rf6 43. Rh4+ Kd3 44. Rd5+ Kc3 45. Rc5+ Kb3 46.
Rb5+ Kc3 47. Rc5+ Kb3 48. Rb5+ 1/2-1/2

[Event "Grand Pacific Open 10th annual"]
[Site "?"]
[Date "2016.03.26"]
[Round "3.2"]
[White "Ross, Dave"]
[Black "Cheng, Bindi"]
[Result "0-1"]
[WhiteElo "2482"]
[BlackElo "2350"]
[PlyCount "119"]
[EventDate "2016.03.28"]

1. Nf3 Nf6 2. d4 c5 3. e3 g6 4. c4 Bg7 5. Nc3 O-O 6. Be2 cxd4 7. Nxd4 Nc6 8.
O-O d6 9. b3 Bd7 10. Bb2 a6 11. Bf3 Rc8 12. Nxc6 Bxc6 13. Bxc6 bxc6 14. Qe2 Qa5
15. Rfd1 Rb8 16. Rab1 Rfd8 17. h3 Rb7 18. Ba1 Rdb8 19. Rbc1 Nd7 20. Na4 Bxa1
21. Rxa1 Nc5 22. Nxc5 Qxc5 23. Qc2 a5 24. Rab1 Rb4 25. Rdc1 R8b7 26. Qd3 Ra7
27. Qc3 Rab7 28. Qd3 Rb8 29. Qc2 Ra8 30. Qe4 Ra7 31. a3 Rb8 32. b4 axb4 33.
axb4 Rxb4 34. Rxb4 Qxb4 35. Qxc6 Qb2 36. Rf1 Kg7 37. Qe4 Rc7 38. Qd3 Qb4 39.
Rc1 f6 40. h4 Qc5 41. e4 Ra7 42. g3 Ra2 43. Rc2 Ra1+ 44. Kg2 Qb4 45. Rc3 Qa5
46. g4 Re1 47. Qf3 Qe5 48. Re3 Rc1 49. Qg3 Qd4 50. Qf3 Qxc4 51. Qe2 Qc6 52. Rd3
Ra1 53. Qe3 Qc2 54. g5 Qb1 55. gxf6+ exf6 56. Qf3 Qh1+ 57. Kg3 Rg1+ 58. Kf4
Qxh4+ 59. Ke3 Qg5+ 60. Ke2 0-1

[Event "Grand Pacific Open 10th annual"]
[Site "?"]
[Date "2016.03.26"]
[Round "3.3"]
[White "Sohal, Tanraj"]
[Black "Gentes, Kevin"]
[Result "1/2-1/2"]
[WhiteElo "2397"]
[BlackElo "2347"]
[PlyCount "72"]
[EventDate "2016.03.28"]

1. d4 Nf6 2. c4 e6 3. Nf3 d5 4. Nc3 Be7 5. cxd5 exd5 6. Bg5 c6 7. Qc2 g6 8. e3
Bf5 9. Bd3 Bxd3 10. Qxd3 Nbd7 11. O-O O-O 12. Rab1 a5 13. Rbc1 Re8 14. h3 Ne4
15. Bf4 Bd6 16. Bxd6 Nxd6 17. Na4 Ne4 18. Nc5 Nexc5 19. dxc5 a4 20. Rc2 Ra5 21.
Rfc1 Qa8 22. Nd2 Qa7 23. Qd4 f5 24. g3 Qb8 25. Kg2 Qc7 26. b4 axb3 27. axb3 Qe5
28. Nf3 Qe4 29. b4 Ra4 30. Rb2 Qe7 31. Qd1 Rea8 32. Kg1 Nf6 33. Nd4 Ne4 34. Qe2
Ra1 35. Rxa1 Rxa1+ 36. Kg2 Rc1 1/2-1/2

[Event "Grand Pacific Open 10th annual"]
[Site "?"]
[Date "2016.03.26"]
[Round "3.4"]
[White "Cao, Jason"]
[Black "Sali, Zulfikar"]
[Result "1-0"]
[WhiteElo "2367"]
[BlackElo "2090"]
[PlyCount "159"]
[EventDate "2016.03.28"]

1. c4 Nf6 2. Nf3 g6 3. d4 Bg7 4. g3 O-O 5. Bg2 d6 6. O-O Nbd7 7. Nc3 c6 8. e4
e5 9. h3 exd4 10. Nxd4 Re8 11. Be3 a5 12. Qc2 Nc5 13. Rad1 Nfd7 14. b3 Qe7 15.
Rfe1 Ne6 16. Nxe6 Qxe6 17. Bd4 Bf8 18. f4 f6 19. Re2 Qf7 20. Rf1 Nc5 21. f5 g5
22. Bxc5 dxc5 23. e5 Rxe5 24. Rxe5 fxe5 25. Qd2 Bd7 26. Qxg5+ Kh8 27. Ne4 a4
28. f6 Re8 29. Qd2 h6 30. g4 axb3 31. axb3 Be6 32. g5 Qh5 33. f7 Re7 34. Qd6
Bxf7 35. g6 Qxg6 36. Qxg6 Bxg6 37. Rxf8+ Kg7 38. Rb8 Bxe4 39. Bxe4 Rd7 40. Kf2
Kf6 41. Ke3 Re7 42. Rh8 b5 43. Rxh6+ Kg5 44. Rxc6 bxc4 45. bxc4 Ra7 46. Rg6+
Kh4 47. Bf5 Ra4 48. Be6 Kh5 49. Rg8 Ra6 50. Bd5 Ra1 51. Ke4 Re1+ 52. Kf5 Kh4
53. Bg2 Rc1 54. Rg4+ Kh5 55. Kxe5 Rd1 56. Bf3 Rd3 57. Be2 Rd2 58. Re4+ Kg5 59.
h4+ Kh6 60. Bg4 Kg6 61. Be6 Rd8 62. Rg4+ Kh5 63. Rg8 Rd2 64. Rh8+ Kg6 65. Bd5
Kg7 66. Rh5 Ra2 67. Kd6 Ra5 68. Bc6 Kg6 69. Rxc5 Ra6 70. Rg5+ Kf6 71. c5 Ra3
72. Be4 Ra4 73. Rf5+ Kg7 74. Re5 Kf6 75. Re6+ Kf7 76. Bd5 Kf8 77. h5 Rh4 78. h6
Rh2 79. Rf6+ Ke8 80. Bc6+ 1-0

[Event "Grand Pacific Open 10th annual"]
[Site "?"]
[Date "2016.03.26"]
[Round "3.5"]
[White "Ghandi, Houshyar"]
[Black "Morozov, Grigoriy"]
[Result "0-1"]
[WhiteElo "1684"]
[BlackElo "2376"]
[PlyCount "130"]
[EventDate "2010.??.??"]
[EventType "corr"]

1. e4 e6 2. d4 d5 3. Nc3 Bb4 4. e5 Qd7 5. a3 Bf8 6. f4 b6 7. Bb5 c6 8. Be2 Ba6
9. Nf3 Ne7 10. Be3 Nf5 11. Bf2 h5 12. Nh4 Bxe2 13. Qxe2 Be7 14. Nxf5 exf5 15.
O-O-O a5 16. h3 h4 17. g3 hxg3 18. Bxg3 g6 19. Rde1 Qe6 20. h4 Rh5 21. Rh3 Na6
22. Reh1 Nc7 23. a4 Qd7 24. Be1 Ne6 25. Qf2 O-O-O 26. Ne2 Rdh8 27. Qe3 Qd8 28.
Qd3 Kb7 29. Qb3 Ka7 30. c4 dxc4 31. Qxc4 Qd5 32. Qxd5 cxd5 33. Kc2 Kb7 34. b4
axb4 35. Kb3 Rc8 36. Bxb4 Bxb4 37. Kxb4 Rc4+ 38. Kb3 Nxd4+ 39. Nxd4 Rxd4 40.
Rf1 Ka6 41. Rc3 Rxh4 42. Rc7 Rhxf4 43. Rxf4 Rxf4 44. Rxf7 Re4 45. Rf6 Rxe5 46.
Rxg6 Re3+ 47. Kb4 Re4+ 48. Kb3 Ka5 49. Rd6 Rb4+ 50. Kc3 d4+ 51. Kd3 Kxa4 52.
Rf6 Rb3+ 53. Kxd4 f4 54. Rf8 f3 55. Kc4 b5+ 56. Kc5 Ka3 57. Kd4 Kb2 58. Ke4 Kc1
59. Rh8 Kd1 60. Rh2 Ke1 61. Ra2 f2 62. Ra1+ Ke2 63. Ra2+ Kf1 64. Ra1+ Kg2 65.
Ra2 Kg1 0-1

[Event "Grand Pacific Open 10th annual"]
[Site "?"]
[Date "2016.03.26"]
[Round "3.6"]
[White "Doknjas, Joshua"]
[Black "Patterson, Roger"]
[Result "1-0"]
[WhiteElo "2185"]
[BlackElo "2168"]
[PlyCount "47"]
[EventDate "2016.03.28"]

1. e4 c5 2. Nf3 Nc6 3. Bb5 g6 4. Bxc6 dxc6 5. d3 Bg7 6. h3 Nf6 7. Nc3 Nd7 8.
Be3 e5 9. Qd2 h6 10. a3 Qe7 11. Nh2 Nf8 12. Na4 Ne6 13. b4 cxb4 14. axb4 a6 15.
Nb6 Rb8 16. Rb1 h5 17. c3 O-O 18. Nf3 f5 19. exf5 gxf5 20. Nxc8 Rbxc8 21. Qc2
Kh8 22. O-O Rg8 23. Qe2 f4 24. Nxe5 1-0

[Event "Grand Pacific Open 10th annual"]
[Site "?"]
[Date "2016.03.26"]
[Round "3.7"]
[White "Maisuradze, Nino"]
[Black "Murray, Mike"]
[Result "1-0"]
[WhiteElo "2350"]
[BlackElo "2098"]
[PlyCount "81"]
[EventDate "2016.03.28"]

1. d4 Nc6 2. d5 Ne5 3. e4 e6 4. Nc3 exd5 5. Nxd5 c6 6. Nc3 Bb4 7. Qd4 Qe7 8. f4
Ng6 9. Be2 Nf6 10. Bf3 d5 11. e5 O-O 12. Nge2 Ng4 13. Qd3 Nh4 14. Bxg4 Bxg4 15.
O-O Bf5 16. Qd1 Bc5+ 17. Nd4 Be4 18. Nxe4 dxe4 19. c3 Rad8 20. Qg4 f5 21. exf6
Qxf6 22. Be3 Rd5 23. Rae1 Re8 24. f5 h6 25. Rf4 Be7 26. g3 Nf3+ 27. Nxf3 exf3
28. Bd4 Qf7 29. Qxf3 Rf8 30. g4 Bd6 31. Rfe4 Qc7 32. Qe2 c5 33. Be3 c4 34. Bd4
b5 35. Re8 Kh7 36. Qe6 Bxh2+ 37. Kh1 Rd6 38. Qe4 Rxe8 39. Qxe8 Bg3 40. Re7 Rxd4
41. Qg6+ 1-0